000 01196nam a2200313 i 4500
001 12400
003 KOSZ 005
005 20220419134756.0
008 080803s1962 pl a f 001 0 pol
015 _aPB 1962/7007
040 _aWA N
_cKOSZ 005/RW
_dKOSZ 005/RW
041 1 _apol
_hrus
080 _a539
100 1 _aBaldin, Aleksandr Mihajlovič.
_eAutor
245 1 0 _aKinematyka reakcji jądrowych /
_cA. M. Bałdin, W. I. Goldanski, I. L. Rozental ; [tł. z ros. Walerian Majewski].
246 1 _iTyt. oryg.:
_aKinematika âdernyh reakcij
260 _aWarszawa :
_bPaństwowe Wydawnictwo Naukowe,
_c1962.
300 _a359, [1] s. :
_bil., err. ;
_c20 cm.
380 _aKsiążki.
504 _aBibliogr. s. [353]-356. Indeks.
650 4 _aKinematyka
650 4 _aReakcje jądrowe
700 1 _aRozental', Iosif Leonidovič.
_eAutor
700 1 _aMajewski, Walerian.
_eTłumaczenie
710 2 _aPaństwowe Wydawnictwo Naukowe
_4pbl.
700 1 _aGol'danskij, Vitalij Iosifovič
_d(1923-2001)
_eAutor
856 _uhttp://koha.tu.koszalin.pl/cgi-bin/koha/opac-detail.pl?biblionumber=12400
_yKatalog online BPK
942 _2UKD
_cKS
999 _c12400
_d12400